书目信息 |
| 题名: |
社会科学文献检索新编
|
|
| 作者: | 杨秀君 主编 | |
| 分册: | ||
| 出版信息: | 长春 长春出版社 |
|
| 页数: | 354页 | |
| 开本: | 20cm | |
| 丛书名: | ||
| 单 册: | ||
| 中图分类: | G252.7 | |
| 科图分类: | ||
| 主题词: | 图书馆学 , 图书馆事业 | |
| 电子资源: | ||
| ISBN: | 7-80573-671-5 | |
| 000 | 00579nam0 2200205 45 | |
| 001 | 0404261103 | |
| 005 | 20040426112600.4 | |
| 010 | @a7-80573-671-5@dCNY6.20 | |
| 100 | @a20040426d km y0chiy0120 ea | |
| 101 | 0 | @achi |
| 105 | @a z 000yy | |
| 200 | 1 | @a社会科学文献检索新编@AShe Hui Ke Xue Wen Xian Jian Suo Xin Bian@f杨秀君主编@FYang Xiu Jun Zhu Bian |
| 210 | @a长春@c长春出版社 | |
| 215 | @a354页@d20cm | |
| 606 | 0 | @a图书馆学 |
| 606 | 0 | @a图书馆事业 |
| 690 | @aG252.7@v3 | |
| 701 | 0 | @a杨秀君@4主编 |
| 801 | @aCN@bPftUser@c20040426 | |
| 905 | @f1@b270133@dG252.7@e14 | |
| 社会科学文献检索新编/杨秀君主编.-长春:长春出版社 |
| 354页;20cm |
| ISBN 7-80573-671-5:CNY6.20 |
| ● |
| 相关链接 |
|
|
|
|
正题名:社会科学文献检索新编
索取号:G252.7/14
 
预约/预借
| 序号 | 登录号 | 条形码 | 馆藏地/架位号 | 状态 | 备注 |
| 1 | 0270132 | 000501344 | 第一样本阅览室/ [索取号:G252.7/14] | 在馆 | |
| 2 | 0270133 | 000501353 | 密集书库/ [索取号:G252.7/14] | 在馆 |